000 00958nam a2200325 4500
001 443183
003 DO-SdBNP
005 20180220143641.0
007 443183
008 950606s1992 sp | ||| ||spa
016 7 _a
_2
017 _a
_b
020 _a8434819295
035 _a
040 _aBPMSU
_bspa
_cBPMSU
_e
041 1 _aspa
_h
080 0 _a
100 1 _aCompany, Mercè
_d1947-
240 1 3 _aLa història de l'Ernest
_lEspañol
245 1 3 _aLa historia de Ernesto /
_cMercè Company ; ilustraciones de J.M. Lavarello ; [traducción del catalán, Mercè Company]
_h
250 _a8ª ed
260 _aMadrid :
_bSM,
_c1992.
300 _a63 p. :
_bil. ;
_c20 cm.
490 1 _aEl barco de vapor. [Serie blanca]
_v13
700 1 2 _aLavarello, José María,
_eil.
830 0 _aEl barco de vapor.
_pSerie blanca
_v105
942 _2ddc
_cBK
945 _aInventariado, 2018 /LP
956 _aVMATEO
_b10
_6BPMSU
_320151124
_800151
999 _c8906
_d8906